000 00416nam a2200181Ia 4500
001 24044
005 20260414151017.0
008 260414t2003||||xx |||||||||||||| ||spa||
041 _aESP
082 _a759
_bG369
100 _aRose-Marie
_eAUT
245 0 _aFrancisco de Goya :
_b1746-1828
260 _c2003
300 _a96 páginas :
_c23 cm.
650 _aABD
654 _aCAU
942 _cLIB
_dJUS
_fJUS
_2ddc
_n
999 _c24044
_d24044